Διανυσματικός λογισμός
Saved in:
| Main Authors: | , |
|---|---|
| Other Authors: | , |
| Format: | Book |
| Language: | Greek English |
| Published: |
Ηράκλειο :
Πανεπιστημιακές Εκδόσεις Κρήτης,
1999, 2018.
|
| Edition: | 3η έκδ. |
| Series: | Πανεπιστημιακή βιβλιοθήκη θετικών επιστημών
|
| Subjects: | |
| Tags: |
Add Tag
No Tags, Be the first to tag this record!
|
MARC
| LEADER | 00000cam a2200000 i 4500 | ||
|---|---|---|---|
| 001 | 1/22301 | ||
| 008 | 011009r20181992gr ||| | gre|| | ||
| 020 | |a 96073094510 | ||
| 035 | |l 10067453 | ||
| 040 | |a GR-MY-UA |b gre |e aacr | ||
| 041 | 1 | |a gre |h eng | |
| 082 | 0 | |a 515.63 |2 (21) | |
| 100 | 1 | |a Marsden, Jerrold E. | |
| 245 | 1 | 0 | |a Διανυσματικός λογισμός / |c Jerold E. Marsden, Antony J. Tromba ; απόδοση στα ελληνικά, Αποστόλης Γιαννόπουλος ; επιστημονική επιμέλεια, Δημήτρης Καραγιαννάκης. |
| 250 | |a 3η έκδ. | ||
| 260 | |a Ηράκλειο : |b Πανεπιστημιακές Εκδόσεις Κρήτης, |c 1999, 2018. | ||
| 300 | |a xv, 552 σ. : |b εικ. ; |c 28 εκ. | ||
| 490 | 1 | |a (Πανεπιστημιακή βιβλιοθήκη θετικών επιστημών) | |
| 500 | |a Πρώτη έκδοση 1992, σύμφωνα με την 3η έκδοση του Vector calculus. Ανατυπώσεις 1995, 1999.........2018. Το αντίτυπο της Σάμου είναι ανατύπωση 2018. | ||
| 504 | |a Περιλαμβάνει ευρετήριο. | ||
| 650 | 0 | 0 | |a Calculus. |
| 650 | 0 | 0 | |a Vector analysis. |
| 700 | 1 | |a Tromba, Anthony, |e aut | |
| 700 | 1 | |a Γιαννόπουλος, Απόστολος, |e trl | |
| 700 | 1 | |a Καραγιαννάκης, Δημήτρης, |e edt | |
| 830 | 0 | |a Πανεπιστημιακή βιβλιοθήκη θετικών επιστημών | |
| 901 | |a BIBL3-2009-2 | ||
| 901 | |a BIBL5-2001-3 | ||
| 920 | |a Todorov |b Ivan |y Σάμος |z 2009-07 | ||
| 922 | |a 1ΕΛΗ |b 199910 |c ΚΠΣ/ΜΥΡΙΤΣΗΣ |d EMVASIS | ||
| 970 | |a Κρητικού |b Θωμαΐς |z 09/10/2001 | ||